000 00319nam a22001337a 4500
020 _a978-0-140-15807-6
082 _a823
_bDAH/C
100 _aDAHIL,ROALD
245 _aTHE COLLECTED SHORT STORIES OF ROALD DAHIL
260 _aNEW YORK
_bPENGUINBOOKS
300 _a762
650 _aSHORT STORIES
_zNEW YORK
942 _cBK
999 _c3569
_d3569